00982nam a2200241 a 450000100100000000500170001000800410002702000180006804000250008608200180011110000300012924501060015926000360026530000360030159000260033765000290036365000290039265000270042191000370044895201160048595201220060199900170072300003772220201002031115.0121115s2012 dr ac 000 0 spa d a9789945164909 aDO-SdBNPbspacBNPHU a305.42bF363c1 aFernández, H. R.96418710aCultura sexual :bcontradicción entre orden y desorden. Una obra de película /cH.R. Fernández. aSanto Domingo :bBúho,c2012. a275 p. :bil., retrs. ;c23 cm. aInventariado,2018/MFF 4aSexo (psicología)9153 4aCostumbres sexuales9913 4aSexo e historia964188 aValidado. Control de calidad EMS 0010718PDaPDbPDcHDd2014-02-24iLF1l0o305.42 F363cp37722-10r2020-06-25w2020-06-25yLFPDZNo se presta 0010718PDaPDbPDcHDd2014-05-29iLF1l0o305.42 F363cp37722-20r2020-06-25te. 2w2020-06-25yLFPDZNo se presta c37212d37212